000 00452nam a22001697a 4500
999 _c16780
_d16780
003 NUST
008 140106t xxu||||| |||| 00| 0 eng d
038 _aASAB
082 _a891.4391
100 _aRabindranath Tagore
_9508
110 _atranslated by Shahnawaz Zaidi
_9509
245 _aGheta Bakhli/ Najli
_cRabindranath Tagore
246 _aGheta Najli
260 _aLahore
_bKhazena Elm o adab lahore
_c2005
300 _a208 P
942 _2ddc
_cBK